Quizzes
Events
Quiz Creation
Community
Videos
Private Events
Remove Ads
Sign In
Join for FREE
Feedback
Dark Mode
Quiz Categories
Sports
Geography
Music
Movies
Television
Just For Fun
Miscellaneous
History
Literature
Language
Science
Gaming
Entertainment
Religion
Holiday
For Kids
Quiz Lab
Recent
Popular Today
Quiz Kudos Today
Editor Picks
Curator Picks
Quizzes by...
Day
Popularity
Type
Ratings
Length
Year
Community
Subscriptions
Recent Discussions
Orange Saloon
Badges
Playlists
Quests
Create
Leaderboards
Showdown
Live 5
Trivia Bingo
Activity
Puzzle Library
Sporcle Events
Private Events
Virtual Trivia
Globe League
Become a Host
Pub Owners
SporcleCon
Opinionation
Our Games
Videos
Blog
Mobile Apps
Partnerships
Remove Ads and Go Orange
Feedback
Movies
Disney
Marvel Cinematic Universe
Movie Resume
Movie Titles
Oscar
Actor
Actress
Director
Pixar
Role
Movie Quotes
Movie Characters
Box Office
Nominee
Best Picture
Star Wars
James Bond
Horror Movies
Movies
Disney
Marvel Cinematic Universe
Movie Resume
Movie Titles
Oscar
Actor
Actress
Director
Pixar
Role
Movie Quotes
Movie Characters
Box Office
Nominee
Best Picture
Star Wars
James Bond
Horror Movies
Random Quiz
Search Sporcle
×
Quiz Lab
Quiz Lab
Movies
Disney
Type in answers that appear in a list
Type in answers that appear in a list
Classic
Best Score? Go Orange.
All Animated Disney Owned Movies Stats
Can you name the All Animated Disney Owned Movies? Not including Disney MovieToons
By
scalabrine734
10m
77 Questions
290 Plays
290 Plays
290 Plays
Comments
Comments
Give Quiz Kudos
Give Quiz Kudos
-
- Ratings
hide this ad
Replay
Link that replays current quiz
Next Quiz
Link to next quiz in quiz playlist
You Got
0%
They Got
Avg Score
79%
Avg Friend Score
Upgrade to see
Score Distribution
Jump to the score distribution portion of the page
Score
0/77
Timer
10:00
0
Plays Today
Hint
Answer
% Correct
1937
Snow White and the Seven Dwarfs
96.6%
1940
Fantasia
94.5%
1959
Sleeping Beauty
93.1%
1950
Cinderella
92.8%
1991
Beauty and the Beast
92.1%
1940
Pinocchio
91.7%
1941
Dumbo
91.7%
1989
The Little Mermaid
91.7%
1992
Aladdin
91.7%
1994
The Lion King
91.7%
1942
Bambi
89.7%
2013
Frozen
89.3%
1967
The Jungle Book
89%
1995
Toy Story
88.6%
1977
The Rescuers
87.9%
1995
Pocahontas
87.9%
1999
Toy Story 2
87.6%
1953
Peter Pan
86.2%
2010
Toy Story 3
85.9%
2010
Tangled
85.9%
1970
The Aristocats
85.5%
1998
Mulan
85.5%
1955
Lady and the Tramp
84.5%
1973
Robin Hood
84.5%
1981
The Fox and the Hound
84.5%
1961
101 Dalmatians
84.1%
1999
Tarzan
84.1%
2012
Brave
83.8%
1997
Hercules
83.4%
1963
The Sword in the Stone
83.1%
2006
Cars
83.1%
1990
The Rescuers Down Under
82.8%
1999
Fantasia 2000
82.4%
2016
Zootopia
82.4%
1951
Alice in Wonderland
82.1%
2011
Cars 2
82.1%
2001
Monsters, Inc.
81.7%
1996
The Hunchback of Notre Dame
81.4%
2009
The Princess and the Frog
81.4%
Hint
Answer
% Correct
1985
The Black Cauldron
80.7%
1944
The Three Caballeros
80.3%
1988
Oliver & Company
80.3%
1998
A Bug's Life
79.3%
2000
The Emperor's New Groove
79%
2009
Up
79%
1948
Melody Time
77.9%
1946
Make Mine Music
77.6%
2003
Finding Nemo
77.2%
1986
The Great Mouse Detective
76.9%
2013
Monsters University
76.9%
2005
Chicken Little
75.9%
2008
Bolt
75.9%
2011
Winnie the Pooh
75.9%
2004
The Incredibles
75.5%
1947
Fun and Fancy Free
74.8%
2002
Lilo & Stitch
74.8%
2012
Wreck-It Ralph
74.8%
1942
Saludos Amigos
74.5%
2008
Wall-e
74.5%
2014
Big Hero 6
74.5%
1949
The Adventures of Ichabod and Mr. Toad
73.4%
1977
The Many Adventures of Winnie the Pooh
73.1%
2000
Dinosaur
72.1%
2007
Meet the Robinsons
72.1%
2001
Atlantis: The Lost Empire
71.7%
2003
Brother Bear
71.7%
2015
Inside Out
71%
2004
Home on the Range
69.7%
2002
Treasure Planet
69%
2007
Ratatouille
69%
2015
The Good Dinosaur
69%
1993
The Nightmare Before Christmas
59%
1996
James and the Giant Peach
52.1%
2012
Frankenweenie
50.3%
2011
Mars Needs Moms
49.3%
2009
A Christmas Carol
49%
2011
Gnomeo and Juliet
45.2%
Quiz Playlist
Details
Report
Send in Message
Add To Playlist
Classic:
Type in answers that appear in a list
Last Updated: Feb 16, 2017
Quiz Scoreboard
CHALLENGE
Sign Up to Join the Scoreboard
Show All
Scores
Hide
Comments
May contain spoilers
Recently Published
Popular People in 1961
by mucciniale
History
6m
1-10 Letter E Words III
by El_Dandy
Language
2m
One Thing in Common: World Cities II
by knightlancer
Geography
7m
More to Explore
Quiz From the Vault
Featured Blog Post
Where Did the Easter Bunny Come From?
hide this ad
You Might Also Like...
Tags
Disney Quiz
Owned
Today's Top Quizzes in Movies
Browse Movies
hide this ad
Today's Top Quizzes in Disney
Browse Disney
Top Contributed Quizzes in Movies
1
Multi-Oscar Nominations, One Movie, One Winner
2
12 Movies about Fictional 1960s Events
3
One Thing in Common: Movies
4
Three Word 'T' Movies Match Up
5
Sunday Crossword: Film Score Composers
6
One Thing in Common: Movies II
7
Three Word 'H' Movies Match Up
8
Three Word 'M' Movies Match Up
9
One Thing in Common: Oscars
10
Three Word 'P' Movies Match Up
Explore More
Trending Topics
Kpop
Harry Potter
Crossword
Marvel
Anime
NBA
Disney
Song
WWE
Puzzle
Pokémon
The Office
Soccer
NFL
Country
hide this ad
More By:
scalabrine734
Quiz
Plays
Rating
Category
Featured
Created
All Animated Disney Owned Movies
290
4.00
Movies
Apr 20, 2016
Best NBA players 2k16
256
Sports
Feb 18, 2016
Naming the Best Picture Winners in order
60
2.60
Movies
May 4, 2016
Go to Creator's Profile
Score Distribution
Quiz Creator Spotlight
scalabrine734
Follow
Send a Message
Quizzes Created
-
Created Quiz Play Count
-
More By This Creator
Popular Quizzes Today
1
Find the US States - No Outlines Minefield
2
The Countries of the World
3
Find the Countries of Europe - No Outlines Minefield
4
Popular People in 1961
5
1-10 Letter E Words III
6
Find the US States
7
One Thing in Common: World Cities II
8
US States
More Movies Quizzes
'C' Movie Posters
Quiz Lab
Trending Quizzes
Risky Map Clicking: Least Populous States A-Z
1-10 Letter F Words
1-10 Letter G Words
One Thing in Common: United Kingdom
Risky Map Clicking: Next State Alphabetically
Recently Updated
Leaping Animals
pecheneg
Reality TV Shows (A-Z)
bhenderson79
Rickey Henderson's Hall of Fame Teammates
pecheneg
Champions League XIs: Arsenal
pecheneg
Quick Pick: Celebrities in WWE's Hall of Fame
aduchscher
A-Z Keypad Blitz II
pecheneg
Multiple Oscar Actors
pecheneg
Mystery Phrase Blitz: Oscar 'Best Actors'
pecheneg
F. Scott Fitzgerald Novels
LTH
Pick 3 Villains
ddd62291
Trending Topics
Anime
Marvel
Crossword
NBA
Disney
Kpop
Harry Potter
Country
Song
Soccer
Pokémon
Puzzle
The Office
WWE
NFL
Your Account Isn't Verified!
In order to create a playlist on Sporcle, you need to verify the email address you used during registration. Go to your
Sporcle Settings
to finish the process.
Report this User
Report this user for behavior that violates our
Community Guidelines
.
Details:
Send Report
Go to the Sporcle.com Mobile Site →
Comments